Presenting Pakistani poetry. (Record no. 53391)

MARC details
000 -LEADER
fixed length control field 00572cam a22002051 4500
001 - CONTROL NUMBER
control field sa 63000293
003 - CONTROL NUMBER IDENTIFIER
control field DLC
005 - DATE AND TIME OF LATEST TRANSACTION
control field 20260227111920.0
008 - FIXED-LENGTH DATA ELEMENTS--GENERAL INFORMATION
fixed length control field 791017s1961 pk 000 0 eng
010 ## - LIBRARY OF CONGRESS CONTROL NUMBER
LC control number sa 63000293
035 ## - SYSTEM CONTROL NUMBER
System control number (OCoLC)5532475
040 ## - CATALOGING SOURCE
Original cataloging agency DLC
Transcribing agency IU
Modifying agency OCoLC
-- DLC
041 1# - LANGUAGE CODE
Language code of text/sound track or separate title enginc
050 00 - LIBRARY OF CONGRESS CALL NUMBER
Classification number PK2978.E5
Item number A55
100 1# - MAIN ENTRY--PERSONAL NAME
Personal name Allana, G.
Fuller form of name (Gulam),
Dates associated with a name 1906-1985.
245 10 - TITLE STATEMENT
Title Presenting Pakistani poetry.
260 ## - PUBLICATION, DISTRIBUTION, ETC.
Place of publication, distribution, etc. Karachi,
Name of publisher, distributor, etc. Pakistan Writers' Guild,
Date of publication, distribution, etc. 1961.
300 ## - PHYSICAL DESCRIPTION
Extent 206 p.
Dimensions 23 cm.
650 #0 - SUBJECT ADDED ENTRY--TOPICAL TERM
Topical term or geographic name entry element Pakistani poetry
General subdivision Translations into English.

No items available.

Powered by Koha